000 01030nam a2200289 i 4500
003 DO-SdBNP
005 20260506112419.0
007 ta
008 260506b2025 dr ac||| |||| 00| 0 spa d
020 _a9789945528107
040 _aDO-SdBNP
_bspa
_cBNPHU
_erda
041 _aspa
082 4 _axxx
_bP192c
_222
100 _aPaniagua Figueroa, Daisma
_eautor
_4aut.
_989477
245 1 3 _aLa caja de la magia /
_cDaisma Paniagua Figueroa ; cuidado del texto, Aurelia Castillo ; corrección, Dania Victoria Figueroa
264 4 _aSanto Domingo :
_bPublicaciones Libertad
_c©2025.
300 _a75 páginas :
_bilustraciones, retratos ;
_c22 cm.
336 _atexto
_btxt
_2rdacontent
337 _asin mediación
_bn
_2rdamedia
338 _avolumen
_bnc
_2rdacarrier
500 _aIncluye datos biográficos del autor
590 _aInventariado, 2026/BT
700 1 _aCastillo, Aurelia,
_ecuidado del texto
_4txt
_989478
700 1 _aFigueroa, Dania Victoria,
_ecorrector
_4corr.
_987015
910 _aBtavárez
942 _2ddc
_cLBS1
999 _c60674
_d60674